000 00586nam a2200193Ia 4500
003 GCL
008 140319s9999 xx 000 0 ara d
040 _aGCL /
_cGCL
082 0 4 _a658.3
_bم ا
100 1 _aمحمد عثمان اسماعيل حميد
245 1 0 _aادارة الموارد البشرية /
_cمحمد عثمان اسماعيل حميد
260 _a[S.N] :
_bدار النهضة العربية
300 _a266 ص
490 _a
650 0 4 _aالادارة
650 0 4 _aالقوى العاملة
650 0 4 _aادارة الافراد
942 _2ddc
_cBK
999 _c36825
_d36825